Cargando...
Anubhavam orma yathra
| Autor Principal: | |
|---|---|
| Formato: | Printed Book |
| Idioma: | English |
| Publicado: |
Olive Publications,
2012.
|
| LEADER | 00498nam a2200133Ia 4500 | ||
|---|---|---|---|
| 008 | 150624b xxu||||| |||| 00| 0 eng d | ||
| 020 | |a 9789381788745 | ||
| 020 | |a 9789381788745 | ||
| 100 | |a Karassery, M.N. | ||
| 245 | |a Anubhavam orma yathra |c M.N. Karassery | ||
| 260 | |b Olive Publications, |c 2012. | ||
| 942 | |c BK | ||
| 999 | |c 103927 |d 103927 | ||
| 952 | |0 0 |1 0 |2 ddc |4 0 |6 854_000000000000000_8K20924_ANU_M |7 0 |9 105252 |a UL |b UL |c ST1 |d 2014-01-06 |e 2 |g 108.80 |l 17 |m 3 |o 854.8K20924 ANU M |p 91293 |r 2020-02-26 |s 2020-02-19 |v 160.00 |y BK | ||